Red hat Linux security and optimization

Đã lưu trong:
书目详细资料
主要作者: Mohammed J. Kabir
格式: 图书
语言:Undetermined
出版: New York Hungry Minds 2002
主题:
标签: 添加标签
没有标签, 成为第一个标记此记录!
Thư viện lưu trữ: Trung tâm Học liệu Trường Đại học Cần Thơ
LEADER 00556nam a2200181Ia 4500
001 CTU_56384
008 210402s9999 xx 000 0 und d
082 |a 005.8 
082 |b K11 
100 |a Mohammed J. Kabir 
245 0 |a Red hat Linux security and optimization 
245 0 |c Mohammed J. Kabir 
260 |a New York 
260 |b Hungry Minds 
260 |c 2002 
650 |a firewall,web sites,client/server programming,computer networks 
650 |x security measures,security measures 
980 |a Trung tâm Học liệu Trường Đại học Cần Thơ